Přijímače 2

Saved in:
Bibliographic Details
Main Author: Hanousek, Karel (Author)
Format: Book
Language:Czech
Published: Brno : Vysoké učení technické v Brně, 1975
Edition:1. vyd.
Tags: Add Tag
No Tags, Be the first to tag this record!

MARC

LEADER 00000nam a22000003a 4500
001 stu30768
005 20150617225738.1
008 980702s1975------------------------cze-d
040 |a STU  |b slo 
041 0 |a cze 
100 1 |a Hanousek, Karel  |4 aut 
245 1 |a Přijímače 2 
250 |a 1. vyd. 
260 |a Brno :  |b Vysoké učení technické v Brně,  |c 1975 
300 |a 164 s 
996 |b 284ES14043  |c E*S-7780  |l EE01  |s A  |a 24  |w stu30768_0001